00604nam a2200193Ia 4500008004100000020000700041082001500048100001800063245003100081250000700112260004000119300002900159500002100188600002000209650002000229942000700249952013700256999001700393240925s9999 xx 000 0 und d aNA a374.26 SHA aSham, Mahmood 0aAmerica Kya Soch Raha Hai? aNA aNew Delhi:bBPB Publicationc,2010. axvii, 574p.b0fOriginal aIncludes Content aSocial Sciences aSocial Sciences cBK 001040708SSaUITUbUITUd2018-05-11eNational Book Foundationg400.00l0o374.26 SHApQ11845r2024-09-25 07:16:13w2024-09-25yBK c14344d14344